Statistics for How Well Do You Know the Dolan Twins?

Click here to take the quiz!

General Stats

  • This quiz has been taken 3,628 times
  • The average score is 12 of 13

Answer Stats

QuestionAnswer% Correct
Which twin is older?Ethan
99%
How many siblings do they have?One
99%
What is Grayson's middle name?Bailey
98%
How much older is he?20 Minutes
97%
What is Ethan's middle name?Grant
97%
What is Grayson's favorite color?Green
90%
Where do they live now (part time)?Los Angeles, California
90%
What are they famous for?Vine/YouTube
90%
What is Ethan's favorite number?Eight
89%
Where did they grow up?Long Valley, New Jersey
89%
What is Ethan's favorite color?Red
88%
What is their mother's name?Lisa Dolan
85%
What is Grayson's favorite number?Forty-seven
81%

Score Distribution

Percentile by Number Answered

Percent of People with Each Score

Your Score History

You have not taken this quiz